000 00332nam a22001337a 4500
008 170221b xxu||||| |||| 00| 0 eng d
020 _a9781563635304
041 _aeng
080 _a615
100 _a5
101 _aSHF
245 _aPDR FOR NONPRESCRIPTION DRUGS, DIETARY SUPPLEMENTS, AND HERBS
_cBARSAMIAN, D.N
942 _2udc
_cBK
999 _c5999
_d5999